[Event "Manhem Chessweek IM"]
[Site "Gothenburg"]
[Date "1994.??.??"]
[Round "1"]
[White "Berg, Klaus"]
[Black "Elsness, Frode"]
[Result "1-0"]
[WhiteElo "2440"]
[BlackElo "2280"]
[PlyCount "80"]
[EventDate "1994.08.06"]
[EventType "tourn"]
[EventRounds "9"]
[EventCountry "SWE"]
[EventCategory "5"]
[SourceTitle "EXT 2001"]
[Source "ChessBase"]
[SourceDate "2000.11.22"]
[SourceVersion "1"]
[SourceVersionDate "2000.11.22"]
[SourceQuality "1"]

1. d4 f5 2. Nf3 Nf6 3. Bg5 e6 4. Nbd2 Be7 5. e3 b6 6. Bd3 Bb7 7. O-O O-O 8. c3
c5 9. Bxf6 Rxf6 10. e4 fxe4 11. Bxe4 Qc7 12. Qe2 Bxe4 13. Nxe4 Rh6 14. Rfd1 d5
15. Ng3 Nc6 16. c4 Nxd4 17. Nxd4 cxd4 18. cxd5 Qd7 19. dxe6 Rxe6 20. Rxd4 Qc6
21. Re4 Rxe4 22. Nxe4 Rc8 23. Rd1 Qc2 24. Kf1 Kf7 25. Qh5+ Kg8 26. Qd5+ Kh8 27.
g3 Qxb2 28. Qb7 Qb5+ 29. Kg2 Re8 30. Rd5 Qe2 31. Re5 Rf8 32. Qxe7 Qf3+ 33. Kh3
h6 34. Qd7 Kh7 35. Re7 Qh5+ 36. Kg2 Qg6 37. h4 Kh8 38. Qe6 Qh5 39. Qe5 Qg4 40.
Re8 Qf3+ 1-0

[Event "Manhem Chessweek IM"]
[Site "Gothenburg"]
[Date "1994.??.??"]
[Round "1"]
[White "Lejlic, Samir"]
[Black "Ziegler, Ari"]
[Result "1-0"]
[WhiteElo "2420"]
[BlackElo "2315"]
[PlyCount "47"]
[EventDate "1994.08.06"]
[EventType "tourn"]
[EventRounds "9"]
[EventCountry "SWE"]
[EventCategory "5"]
[SourceTitle "EXT 2001"]
[Source "ChessBase"]
[SourceDate "2000.11.22"]
[SourceVersion "1"]
[SourceVersionDate "2000.11.22"]
[SourceQuality "1"]

1. e4 c5 2. Nf3 d6 3. d4 cxd4 4. Nxd4 Nf6 5. Nc3 a6 6. Be3 e6 7. Be2 Qc7 8. Qd2
Be7 9. g4 O-O 10. g5 Nfd7 11. Rg1 b5 12. Nf5 exf5 13. Nd5 Qd8 14. exf5 Re8 15.
f6 Bf8 16. fxg7 Bxg7 17. Nf6+ Kh8 18. Nxe8 Qxe8 19. Bf3 Ra7 20. O-O-O Qe5 21.
c3 Rc7 22. Bf4 Qf5 23. Bg4 Qc5 24. Bxd6 1-0

[Event "Manhem Chessweek IM"]
[Site "Gothenburg"]
[Date "1994.??.??"]
[Round "1"]
[White "Boe Olsen, Mads"]
[Black "Pedzich, Dominik"]
[Result "1/2-1/2"]
[WhiteElo "2300"]
[BlackElo "2400"]
[PlyCount "52"]
[EventDate "1994.08.06"]
[EventType "tourn"]
[EventRounds "9"]
[EventCountry "SWE"]
[EventCategory "5"]
[SourceTitle "EXT 2001"]
[Source "ChessBase"]
[SourceDate "2000.11.22"]
[SourceVersion "1"]
[SourceVersionDate "2000.11.22"]
[SourceQuality "1"]

1. e4 c5 2. c3 d5 3. exd5 Qxd5 4. d4 e6 5. Nf3 Nf6 6. Bd3 Be7 7. Be3 cxd4 8.
cxd4 O-O 9. Nc3 Qd6 10. O-O Bd7 11. Rc1 Na6 12. Ne5 Nb4 13. Bb1 Rad8 14. Qf3
Bc6 15. Qh3 g6 16. Rfd1 Nbd5 17. Bh6 Rfe8 18. Bg5 Nxc3 19. bxc3 Nh5 20. Bxe7
Rxe7 21. Qh4 Be8 22. Bd3 f6 23. Ng4 Kg7 24. Ne3 Rc7 25. g3 Bc6 26. Be2 Be8
1/2-1/2

[Event "Manhem Chessweek IM"]
[Site "Gothenburg"]
[Date "1994.??.??"]
[Round "1"]
[White "Schneider, Lars Ake"]
[Black "Svensson, Bengt"]
[Result "0-1"]
[WhiteElo "2440"]
[BlackElo "2380"]
[PlyCount "88"]
[EventDate "1994.08.06"]
[EventType "tourn"]
[EventRounds "9"]
[EventCountry "SWE"]
[EventCategory "5"]
[SourceTitle "EXT 2001"]
[Source "ChessBase"]
[SourceDate "2000.11.22"]
[SourceVersion "1"]
[SourceVersionDate "2000.11.22"]
[SourceQuality "1"]

1. e4 c5 2. Nf3 d6 3. d4 cxd4 4. Nxd4 Nf6 5. Nc3 a6 6. f4 e5 7. Nf3 Nbd7 8. Bd3
b5 9. O-O Bb7 10. Qe2 g6 11. Kh1 Bg7 12. fxe5 dxe5 13. Bg5 Qc7 14. a4 b4 15.
Na2 a5 16. c3 bxc3 17. Nxc3 O-O 18. Nb5 Qb8 19. Nd2 h6 20. Bh4 Ra6 21. Rac1 Rc8
22. Rxc8+ Qxc8 23. Nc3 Ra8 24. Bc4 Qc5 25. Nb5 Rf8 26. Nb3 Qb4 27. Be1 Qe7 28.
Bd3 Nh5 29. Nxa5 Ba8 30. Qc2 Nf4 31. Bc4 Nb6 32. Bb3 Rc8 33. Qf2 Bxe4 34. Qxb6
Bxg2+ 35. Kg1 Bxf1 36. Kxf1 Qd7 37. Qe3 Rc1 38. Nc4 Qd3+ 39. Qxd3 Nxd3 40. Ke2
Nxe1 41. Kd2 Ra1 42. Ncd6 Nf3+ 43. Kd3 e4+ 44. Kxe4 Nd2+ 0-1

[Event "Manhem Chessweek IM"]
[Site "Gothenburg"]
[Date "1994.??.??"]
[Round "2"]
[White "Elsness, Frode"]
[Black "Lejlic, Samir"]
[Result "1/2-1/2"]
[WhiteElo "2280"]
[BlackElo "2420"]
[PlyCount "84"]
[EventDate "1994.08.06"]
[EventType "tourn"]
[EventRounds "9"]
[EventCountry "SWE"]
[EventCategory "5"]
[SourceTitle "EXT 2001"]
[Source "ChessBase"]
[SourceDate "2000.11.22"]
[SourceVersion "1"]
[SourceVersionDate "2000.11.22"]
[SourceQuality "1"]

1. e4 e5 2. f4 Bc5 3. Nf3 d6 4. c3 Qe7 5. d4 exd4 6. cxd4 Bb6 7. Bd3 Bg4 8.
Qa4+ Qd7 9. Qxd7+ Nxd7 10. Nbd2 Ne7 11. h3 Bxf3 12. Nxf3 O-O 13. Bd2 Rac8 14.
Bc3 c5 15. d5 c4 16. Bc2 f5 17. Ng5 Nc5 18. Bb4 fxe4 19. Bxc5 Bxc5 20. Ne6 Nxd5
21. Nxf8 Nb4 22. O-O-O Nxc2 23. Ne6 Ne3 24. Nxc5 Nxd1 25. Nxe4 Ne3 26. Nxd6 Rc6
27. Re1 Rxd6 28. Rxe3 Kf7 29. Kc2 Re6 30. Kd2 Ra6 31. a3 Rb6 32. Kc2 Re6 33.
Kd2 Rb6 34. Kc2 Rg6 35. g4 Re6 36. Kd2 Rb6 37. Kc3 Rb3+ 38. Kd4 Rxb2 39. Kxc4
h5 40. Kd5 hxg4 41. hxg4 Rb5+ 42. Kd6 Rb2 1/2-1/2

[Event "Manhem Chessweek IM"]
[Site "Gothenburg"]
[Date "1994.??.??"]
[Round "2"]
[White "Pedzich, Dominik"]
[Black "Berg, Klaus"]
[Result "1/2-1/2"]
[WhiteElo "2400"]
[BlackElo "2440"]
[PlyCount "35"]
[EventDate "1994.08.06"]
[EventType "tourn"]
[EventRounds "9"]
[EventCountry "SWE"]
[EventCategory "5"]
[SourceTitle "EXT 2001"]
[Source "ChessBase"]
[SourceDate "2000.11.22"]
[SourceVersion "1"]
[SourceVersionDate "2000.11.22"]
[SourceQuality "1"]

1. e4 c6 2. d4 d5 3. Nc3 dxe4 4. Nxe4 Bf5 5. Ng3 Bg6 6. Nf3 Nd7 7. Bc4 e6 8.
O-O Ngf6 9. Re1 Bd6 10. Nh4 O-O 11. c3 Re8 12. Qf3 Qc7 13. Bg5 Qa5 14. Bxf6
Nxf6 15. Nxg6 hxg6 16. Ne4 Nxe4 17. Rxe4 Qh5 18. Qxh5 1/2-1/2

[Event "Manhem Chessweek IM"]
[Site "Gothenburg"]
[Date "1994.??.??"]
[Round "2"]
[White "Moberg, Karl Johan"]
[Black "Svensson, Bengt"]
[Result "1-0"]
[WhiteElo "2335"]
[BlackElo "2380"]
[PlyCount "121"]
[EventDate "1994.08.06"]
[EventType "tourn"]
[EventRounds "9"]
[EventCountry "SWE"]
[EventCategory "5"]
[SourceTitle "EXT 2001"]
[Source "ChessBase"]
[SourceDate "2000.11.22"]
[SourceVersion "1"]
[SourceVersionDate "2000.11.22"]
[SourceQuality "1"]

1. e4 c5 2. Nf3 d6 3. d4 cxd4 4. Nxd4 Nf6 5. Nc3 a6 6. f4 e5 7. Nf3 Nbd7 8. a4
Be7 9. Bd3 O-O 10. O-O exf4 11. Bxf4 Qb6+ 12. Kh1 Qxb2 13. Nd5 Nxd5 14. exd5
Qb6 15. Qe2 Bd8 16. Nd2 Nf6 17. Nc4 Qd4 18. Rad1 Bg4 19. Qxg4 Nxg4 20. Bxh7+
Kxh7 21. Rxd4 Bf6 22. Rd2 Bc3 23. Rd3 Be5 24. Nxd6 Bxf4 25. Rxf4 Ne5 26. Rb3 b5
27. Nf5 g6 28. Ne3 Rfc8 29. h3 Rc5 30. Rd4 Kg7 31. Kg1 Rac8 32. d6 Kf8 33. axb5
axb5 34. Ra3 Rc3 35. Rxc3 Rxc3 36. Kf2 Nd7 37. Ke2 f6 38. Kd2 Rc6 39. Nd1 Kf7
40. Nc3 Rc5 41. Rb4 Rc4 42. Rxc4 bxc4 43. Ke3 Ke6 44. Kd4 Kxd6 45. Ne4+ Kc6 46.
Kxc4 f5 47. Nf2 Ne5+ 48. Kd4 Kd6 49. Nd3 Nc6+ 50. Ke3 g5 51. g3 Kd5 52. h4 f4+
53. Nxf4+ gxf4+ 54. Kxf4 Ke6 55. g4 Nb4 56. c4 Nd3+ 57. Kg5 Kf7 58. Kf5 Kg7 59.
g5 Nc5 60. h5 Nb7 61. Ke5 1-0

[Event "Manhem Chessweek IM"]
[Site "Gothenburg"]
[Date "1994.??.??"]
[Round "2"]
[White "Ziegler, Ari"]
[Black "Schneider, Lars Ake"]
[Result "1-0"]
[WhiteElo "2315"]
[BlackElo "2440"]
[PlyCount "68"]
[EventDate "1994.08.06"]
[EventType "tourn"]
[EventRounds "9"]
[EventCountry "SWE"]
[EventCategory "5"]
[SourceTitle "EXT 2001"]
[Source "ChessBase"]
[SourceDate "2000.11.22"]
[SourceVersion "1"]
[SourceVersionDate "2000.11.22"]
[SourceQuality "1"]

1. d4 Nf6 2. c4 e6 3. Nc3 Bb4 4. Qc2 c5 5. dxc5 O-O 6. a3 Bxc5 7. Nf3 b6 8. Bg5
Bb7 9. e4 Be7 10. Rd1 h6 11. Bf4 a6 12. Be2 Qc8 13. e5 Ne8 14. Na4 Bd8 15. Be3
b5 16. Nb6 Bxb6 17. Bxb6 f6 18. Be3 f5 19. Qd2 bxc4 20. Rc1 Bd5 21. Nh4 Nc6 22.
Ng6 Rf7 23. Bxh6 Qc7 24. Bf4 Qa5 25. Rc3 Rb8 26. Rh3 Qxd2+ 27. Bxd2 Re7 28.
Rh8+ Kf7 29. Bh5 Nf6 30. exf6 Rxh8 31. Nxh8+ Kxf6 32. Ng6 Re8 33. h4 Rb8 34.
Bc3+ e5 1-0

[Event "Manhem Chessweek IM"]
[Site "Gothenburg"]
[Date "1994.??.??"]
[Round "2"]
[White "Winsnes, Rikard"]
[Black "Boe Olsen, Mads"]
[Result "1-0"]
[WhiteElo "2405"]
[BlackElo "2300"]
[PlyCount "43"]
[EventDate "1994.08.06"]
[EventType "tourn"]
[EventRounds "9"]
[EventCountry "SWE"]
[EventCategory "5"]
[SourceTitle "EXT 2001"]
[Source "ChessBase"]
[SourceDate "2000.11.22"]
[SourceVersion "1"]
[SourceVersionDate "2000.11.22"]
[SourceQuality "1"]

1. e4 e5 2. Nf3 d6 3. d4 Nf6 4. Nc3 Nbd7 5. Bc4 Be7 6. O-O O-O 7. Re1 c6 8. a4
Qc7 9. a5 Rb8 10. Nh4 exd4 11. Qxd4 Ne5 12. Ba2 Nfg4 13. Nf5 Bxf5 14. exf5 Bf6
15. Qf4 d5 16. Qg3 Qe7 17. Re2 h5 18. h3 Bh4 19. Qf4 Bxf2+ 20. Rxf2 Nxf2 21.
Qxf2 Rbe8 22. f6 1-0

[Event "Manhem Chessweek IM"]
[Site "Gothenburg"]
[Date "1994.??.??"]
[Round "3"]
[White "Schneider, Lars Ake"]
[Black "Elsness, Frode"]
[Result "1-0"]
[WhiteElo "2440"]
[BlackElo "2280"]
[PlyCount "73"]
[EventDate "1994.08.06"]
[EventType "tourn"]
[EventRounds "9"]
[EventCountry "SWE"]
[EventCategory "5"]
[SourceTitle "EXT 2001"]
[Source "ChessBase"]
[SourceDate "2000.11.22"]
[SourceVersion "1"]
[SourceVersionDate "2000.11.22"]
[SourceQuality "1"]

1. e4 g6 2. d4 Bg7 3. Nc3 d6 4. f4 Nf6 5. Nf3 c5 6. dxc5 Qa5 7. Bd3 Qxc5 8. Qe2
O-O 9. Be3 Qb4 10. O-O Qxb2 11. Nb5 Ne8 12. Qd2 Nc6 13. Rab1 Qxa2 14. Nbd4 Nxd4
15. Nxd4 f5 16. exf5 gxf5 17. Rb3 Bd7 18. Rxb7 Qa4 19. c3 Rd8 20. Qb2 Qa5 21.
Ra1 Qd5 22. Raxa7 Nf6 23. c4 Qf7 24. Bxf5 Qh5 25. Qb1 Bxf5 26. Nxf5 Ng4 27. h3
Nxe3 28. Nxg7 Qe2 29. Rb2 Qxc4 30. Rxe7 Nd5 31. Reb7 Nc3 32. Qc2 Rxf4 33. Ne6
Re4 34. Nxd8 d5 35. Qf2 Ne2+ 36. Rxe2 Qc1+ 37. Kh2 1-0

[Event "Manhem Chessweek IM"]
[Site "Gothenburg"]
[Date "1994.??.??"]
[Round "3"]
[White "Lejlic, Samir"]
[Black "Pedzich, Dominik"]
[Result "1-0"]
[WhiteElo "2420"]
[BlackElo "2400"]
[PlyCount "61"]
[EventDate "1994.08.06"]
[EventType "tourn"]
[EventRounds "9"]
[EventCountry "SWE"]
[EventCategory "5"]
[SourceTitle "EXT 2001"]
[Source "ChessBase"]
[SourceDate "2000.11.22"]
[SourceVersion "1"]
[SourceVersionDate "2000.11.22"]
[SourceQuality "1"]

1. e4 c5 2. Nf3 e6 3. d4 cxd4 4. Nxd4 Nf6 5. Nc3 d6 6. g4 e5 7. Bb5+ Bd7 8.
Bxd7+ Qxd7 9. Nf5 h5 10. gxh5 Nxh5 11. Nd5 g6 12. Ng3 Bg7 13. Bg5 Nc6 14. c3
Rc8 15. Qe2 Kf8 16. O-O-O Nd4 17. Qd3 Rc6 18. Be3 Rc8 19. Kb1 Nc6 20. Nb4 Nxb4
21. cxb4 b6 22. Qxd6+ Qxd6 23. Rxd6 Ke7 24. Rhd1 Rc7 25. Ne2 Bh6 26. Nc3 Bxe3
27. fxe3 Rhc8 28. R6d5 Kf6 29. Rf1+ Kg7 30. Rxe5 Nf6 31. h3 1-0

[Event "Manhem Chessweek IM"]
[Site "Gothenburg"]
[Date "1994.??.??"]
[Round "3"]
[White "Boe Olsen, Mads"]
[Black "Moberg, Karl Johan"]
[Result "1/2-1/2"]
[WhiteElo "2300"]
[BlackElo "2335"]
[PlyCount "73"]
[EventDate "1994.08.06"]
[EventType "tourn"]
[EventRounds "9"]
[EventCountry "SWE"]
[EventCategory "5"]
[SourceTitle "EXT 2001"]
[Source "ChessBase"]
[SourceDate "2000.11.22"]
[SourceVersion "1"]
[SourceVersionDate "2000.11.22"]
[SourceQuality "1"]

1. f4 d5 2. Nf3 c5 3. e3 Nf6 4. b3 g6 5. Bb2 Bg7 6. Bb5+ Bd7 7. Bxd7+ Qxd7 8.
Qe2 Nc6 9. Ne5 Qc7 10. Nxc6 Qxc6 11. O-O O-O 12. d3 c4 13. Bd4 cxd3 14. cxd3
Nh5 15. Qb2 Qb6 16. Nd2 Bxd4 17. Qxd4 Qxd4 18. exd4 Rfc8 19. Rac1 e6 20. g3 Nf6
21. Nf3 Ne8 22. Kf2 Nd6 23. Ke2 h6 24. Kd2 f6 25. Rxc8+ Rxc8 26. Rc1 Rxc1 27.
Kxc1 g5 28. fxg5 hxg5 29. Kd2 Nf5 30. g4 Nh6 31. h3 Kf8 32. Ke3 Ke7 33. Kf2 Kd6
34. Kg3 Ng8 35. h4 gxh4+ 36. Kxh4 Ke7 37. g5 1/2-1/2

[Event "Manhem Chessweek IM"]
[Site "Gothenburg"]
[Date "1994.??.??"]
[Round "3"]
[White "Berg, Klaus"]
[Black "Winsnes, Rikard"]
[Result "1-0"]
[WhiteElo "2440"]
[BlackElo "2405"]
[PlyCount "80"]
[EventDate "1994.08.06"]
[EventType "tourn"]
[EventRounds "9"]
[EventCountry "SWE"]
[EventCategory "5"]
[SourceTitle "EXT 2001"]
[Source "ChessBase"]
[SourceDate "2000.11.22"]
[SourceVersion "1"]
[SourceVersionDate "2000.11.22"]
[SourceQuality "1"]

1. d4 Nf6 2. c4 g6 3. Nc3 Bg7 4. e4 d6 5. f3 O-O 6. Bg5 c5 7. d5 e6 8. Qd2 exd5
9. cxd5 h6 10. Bxh6 Nxe4 11. Nxe4 Qh4+ 12. g3 Qxh6 13. Qxh6 Bxh6 14. Nxd6 Nd7
15. f4 Nb6 16. O-O-O Rd8 17. Nxc8 Raxc8 18. Bh3 Rc7 19. d6 Rc6 20. d7 f5 21.
Nf3 Re6 22. Bg2 Rxd7 23. Rxd7 Nxd7 24. Rd1 Re7 25. Rd6 Nf8 26. Kd1 Bg7 27. b3
b6 28. Ng5 Bd4 29. Bd5+ Kg7 30. a4 Bc3 31. Kc2 Bb4 32. Bc4 Rd7 33. Rc6 Nh7 34.
Nf3 Nf6 35. h3 Ne4 36. g4 fxg4 37. hxg4 Nf6 38. Ne5 Rd2+ 39. Kc1 Ne4 40. Rc7+
Kh6 1-0

[Event "Manhem Chessweek IM"]
[Site "Gothenburg"]
[Date "1994.??.??"]
[Round "3"]
[White "Svensson, Bengt"]
[Black "Ziegler, Ari"]
[Result "0-1"]
[WhiteElo "2380"]
[BlackElo "2315"]
[PlyCount "119"]
[EventDate "1994.08.06"]
[EventType "tourn"]
[EventRounds "9"]
[EventCountry "SWE"]
[EventCategory "5"]
[SourceTitle "EXT 2001"]
[Source "ChessBase"]
[SourceDate "2000.11.22"]
[SourceVersion "1"]
[SourceVersionDate "2000.11.22"]
[SourceQuality "1"]

1. e4 c5 2. Nf3 d6 3. d4 cxd4 4. Nxd4 Nf6 5. Nc3 a6 6. Be3 e6 7. Qd2 b5 8. f3
Nbd7 9. g4 Nb6 10. O-O-O Nfd7 11. Bd3 Ne5 12. Kb1 Bd7 13. Qg2 Rc8 14. Nce2 Na4
15. f4 Nc4 16. Bc1 g6 17. b3 Qb6 18. h4 Bg7 19. Bxc4 bxc4 20. Qg1 cxb3 21. axb3
Bb5 22. Rh3 Bxe2 23. Nxe2 Qc7 24. Rd2 Nc5 25. Qe3 O-O 26. Bb2 Bxb2 27. Kxb2 Rb8
28. h5 a5 29. hxg6 fxg6 30. f5 Qg7+ 31. Kb1 a4 32. Qd4 axb3 33. Qxg7+ Kxg7 34.
Rxd6 bxc2+ 35. Kxc2 Rfc8 36. Nc3 Na4 37. Rd4 Rb2+ 38. Kc1 Ra2 39. Kb1 Nxc3+ 40.
Rxc3 Rxc3 41. Kxa2 exf5 42. Rd7+ Kf6 43. gxf5 gxf5 44. exf5 h5 45. Rh7 Kg5 46.
Kb2 Rc6 47. f6 Rxf6 48. Kc2 Rd6 49. Rg7+ Kf4 50. Rf7+ Kg3 51. Rg7+ Kh3 52. Rg8
h4 53. Kc3 Rd5 54. Kc2 Rd4 55. Kc3 Rg4 56. Re8 Kg3 57. Kd2 h3 58. Re3+ Kh4 59.
Ke2 h2 60. Re8 0-1

[Event "Manhem Chessweek IM"]
[Site "Gothenburg"]
[Date "1994.??.??"]
[Round "4"]
[White "Moberg, Karl Johan"]
[Black "Ziegler, Ari"]
[Result "1-0"]
[WhiteElo "2335"]
[BlackElo "2315"]
[PlyCount "189"]
[EventDate "1994.08.06"]
[EventType "tourn"]
[EventRounds "9"]
[EventCountry "SWE"]
[EventCategory "5"]
[SourceTitle "EXT 2001"]
[Source "ChessBase"]
[SourceDate "2000.11.22"]
[SourceVersion "1"]
[SourceVersionDate "2000.11.22"]
[SourceQuality "1"]

1. e4 c5 2. Nf3 d6 3. d4 cxd4 4. Qxd4 Nc6 5. Bb5 Bd7 6. Bxc6 Bxc6 7. c4 Nf6 8.
Nc3 g6 9. O-O Bg7 10. Be3 O-O 11. Qd3 Ng4 12. Bd4 Ne5 13. Bxe5 dxe5 14. Qxd8
Rfxd8 15. Rfd1 e6 16. b4 b6 17. a4 Rac8 18. Kf1 f6 19. Ke2 Rxd1 20. Rxd1 Bf8
21. b5 Be8 22. Nd2 Bb4 23. Kd3 h5 24. Nb3 g5 25. Na2 Be7 26. Kc3 a5 27. Rc1 g4
28. Kd3 f5 29. c5 bxc5 30. Kc4 Kf8 31. Rd1 Ra8 32. Nc3 h4 33. Rd2 Kg7 34. Rb2
Kf6 35. Rb1 Bd6 36. Rd1 Ke7 37. Rb1 Kd7 38. Rd1 Ke7 39. Rd2 Ra7 40. Rb2 Ra8 41.
Rb1 f4 42. Rd1 Bd7 43. Rd3 Ra7 44. Nd2 Bc8 45. Kb3 Bc7 46. Nc4 Ra8 47. Kc2 Rb8
48. Rd1 Kf6 49. Rb1 Bb6 50. Kd3 Bd8 51. Ke2 Bc7 52. Rd1 Ke7 53. Rd2 Bb7 54. Ke1
Rg8 55. Rd3 Ba8 56. Ke2 Bd8 57. Nxe5 Bc7 58. Rd7+ Kf6 59. Rxc7 Kxe5 60. Rxc5+
Kd4 61. Rc7 Bxe4 62. Nxe4 Kxe4 63. Rc4+ Ke5 64. g3 fxg3 65. fxg3 Kd5 66. Rc1
hxg3 67. hxg3 e5 68. Ke3 Rf8 69. Rd1+ Kc5 70. Ke4 Rf3 71. Rd3 Rf1 72. Kxe5 Re1+
73. Kf5 Ra1 74. b6 Rb1 75. Kxg4 Rxb6 76. Rf3 Rb4+ 77. Rf4 Kd6 78. Kf5 Rb8 79.
g4 Ke7 80. Re4+ Kf7 81. Re5 Ra8 82. Rb5 Ra7 83. g5 Kg7 84. Ke6 Ra8 85. Kd6 Kf7
86. Kc7 Ke6 87. Kb7 Rd8 88. Kb6 Kd6 89. Kxa5 Kc6 90. g6 Ra8+ 91. Kb4 Rg8 92.
Rg5 Rg7 93. a5 Rb7+ 94. Kc4 Rg7 95. Kd4 1-0

[Event "Manhem Chessweek IM"]
[Site "Gothenburg"]
[Date "1994.??.??"]
[Round "4"]
[White "Winsnes, Rikard"]
[Black "Lejlic, Samir"]
[Result "0-1"]
[WhiteElo "2405"]
[BlackElo "2420"]
[PlyCount "120"]
[EventDate "1994.08.06"]
[EventType "tourn"]
[EventRounds "9"]
[EventCountry "SWE"]
[EventCategory "5"]
[SourceTitle "EXT 2001"]
[Source "ChessBase"]
[SourceDate "2000.11.22"]
[SourceVersion "1"]
[SourceVersionDate "2000.11.22"]
[SourceQuality "1"]

1. e4 e5 2. Nf3 Nc6 3. Bb5 a6 4. Ba4 d6 5. Bxc6+ bxc6 6. d4 Bg4 7. dxe5 dxe5 8.
Qe2 Bd6 9. h3 Be6 10. O-O f6 11. Nbd2 Ne7 12. Nc4 O-O 13. Rd1 Qb8 14. Be3 Kh8
15. b3 a5 16. Nb2 Qb4 17. Qd3 c5 18. c3 Qb7 19. Na4 Qc6 20. Nd2 f5 21. f3 f4
22. Bf2 Ng6 23. Nc4 Be7 24. Qf1 h5 25. Rd2 Kh7 26. Rad1 Rg8 27. Kh1 Rgb8 28.
Qe2 Kg8 29. Kg1 Kf7 30. Kf1 Kf6 31. Ke1 Rg8 32. Ncb2 Nf8 33. c4 g5 34. Nc3 Kf7
35. Nd5 Bd6 36. Rd3 g4 37. hxg4 hxg4 38. Kd2 g3 39. Be1 Rh8 40. Kc1 Ng6 41. Bc3
Rh2 42. Rg1 Rah8 43. Qd1 Qa8 44. Na4 R8h5 45. Qe1 Qh8 46. Bxa5 Rh1 47. Rd1 Rxg1
48. Qxg1 Bxd5 49. Bxc7 Bxc7 50. Qxc5 Be6 51. Qxc7+ Ne7 52. Kc2 Rh2 53. Rd2 Rxg2
54. Rxg2 Qh1 55. Rd2 g2 56. Qxe5 g1=Q 57. Qxf4+ Kg6 58. Kc3 Qh8+ 59. Kc2 Qf6
60. Qd6 Qga1 0-1

[Event "Manhem Chessweek IM"]
[Site "Gothenburg"]
[Date "1994.??.??"]
[Round "4"]
[White "Pedzich, Dominik"]
[Black "Schneider, Lars Ake"]
[Result "0-1"]
[WhiteElo "2400"]
[BlackElo "2440"]
[PlyCount "103"]
[EventDate "1994.08.06"]
[EventType "tourn"]
[EventRounds "9"]
[EventCountry "SWE"]
[EventCategory "5"]
[SourceTitle "EXT 2001"]
[Source "ChessBase"]
[SourceDate "2000.11.22"]
[SourceVersion "1"]
[SourceVersionDate "2000.11.22"]
[SourceQuality "1"]

1. e4 c5 2. Nf3 Nc6 3. Bb5 e6 4. O-O Nge7 5. Re1 a6 6. Bxc6 Nxc6 7. d4 cxd4 8.
Nxd4 d6 9. Nc3 Be7 10. Nxc6 bxc6 11. Qg4 Kf8 12. b3 e5 13. Qe2 h6 14. Na4 Kg8
15. f4 Kh7 16. Be3 exf4 17. Bxf4 Qc7 18. Rad1 Rd8 19. c4 Qa5 20. Rd3 Be6 21.
Qd2 Qxd2 22. Bxd2 Rab8 23. h3 Rb7 24. Ba5 Rf8 25. Bc3 f5 26. exf5 Bxf5 27. Rf3
Kg8 28. Bb4 Rf7 29. Ba3 Bg6 30. Rfe3 Bh4 31. R1e2 d5 32. cxd5 cxd5 33. Bb2 Rbe7
34. Rxe7 Rxe7 35. Rxe7 Bxe7 36. Bd4 Kf7 37. Kf2 Bf5 38. Be5 g6 39. Ke3 Ke6 40.
Bg7 h5 41. Kd4 Be4 42. g3 Bg2 43. h4 Bd6 44. Nc5+ Kf5 45. Nxa6 Bxg3 46. Nb4
Bf2+ 47. Kd3 Bxh4 48. a4 Bg3 49. a5 h4 50. a6 h3 51. a7 d4 52. Kc4 0-1

[Event "Manhem Chessweek IM"]
[Site "Gothenburg"]
[Date "1994.??.??"]
[Round "4"]
[White "Elsness, Frode"]
[Black "Svensson, Bengt"]
[Result "1/2-1/2"]
[WhiteElo "2280"]
[BlackElo "2380"]
[PlyCount "81"]
[EventDate "1994.08.06"]
[EventType "tourn"]
[EventRounds "9"]
[EventCountry "SWE"]
[EventCategory "5"]
[SourceTitle "EXT 2001"]
[Source "ChessBase"]
[SourceDate "2000.11.22"]
[SourceVersion "1"]
[SourceVersionDate "2000.11.22"]
[SourceQuality "1"]

1. f4 Nf6 2. Nf3 g6 3. g3 Bg7 4. Bg2 O-O 5. O-O c5 6. d3 Nc6 7. Nc3 d6 8. e4
Bg4 9. h3 Bxf3 10. Qxf3 Nd4 11. Qf2 Rb8 12. Nd5 e6 13. Nxf6+ Qxf6 14. c3 Nc6
15. Be3 Rbc8 16. g4 Qe7 17. f5 f6 18. Rad1 a6 19. Qg3 Rcd8 20. d4 cxd4 21. cxd4
e5 22. d5 Nd4 23. Rd2 Rc8 24. h4 g5 25. h5 Rc4 26. Rfd1 Rfc8 27. Qf2 Bf8 28.
Bf1 R4c7 29. Bxd4 exd4 30. Qxd4 h6 31. Re1 Rc5 32. Bd3 Bg7 33. Ree2 Bf8 34. Kg2
Kg7 35. Rc2 Rxc2 36. Bxc2 Qc7 37. Bb3 Qc5 38. Rd2 Be7 39. Qd3 Qc1 40. Rc2 Rxc2+
41. Qxc2 1/2-1/2

[Event "Manhem Chessweek IM"]
[Site "Gothenburg"]
[Date "1994.??.??"]
[Round "5"]
[White "Schneider, Lars Ake"]
[Black "Winsnes, Rikard"]
[Result "1-0"]
[WhiteElo "2440"]
[BlackElo "2405"]
[PlyCount "53"]
[EventDate "1994.08.06"]
[EventType "tourn"]
[EventRounds "9"]
[EventCountry "SWE"]
[EventCategory "5"]
[SourceTitle "EXT 2001"]
[Source "ChessBase"]
[SourceDate "2000.11.22"]
[SourceVersion "1"]
[SourceVersionDate "2000.11.22"]
[SourceQuality "1"]

1. e4 c5 2. Nf3 d6 3. d4 cxd4 4. Nxd4 Nf6 5. Nc3 Nc6 6. Bc4 Bd7 7. Bb3 g6 8. h3
Bg7 9. Be3 O-O 10. O-O Rc8 11. f4 a6 12. Qf3 Qc7 13. Nxc6 bxc6 14. f5 c5 15.
Nd5 Nxd5 16. Bxd5 Kh8 17. c3 Bc6 18. Bg5 Rce8 19. Rae1 Bxd5 20. exd5 gxf5 21.
Qxf5 e6 22. dxe6 fxe6 23. Rxe6 Rb8 24. Bf6 c4 25. Qe4 Qc5+ 26. Kh2 Kg8 27. Re7
1-0

[Event "Manhem Chessweek IM"]
[Site "Gothenburg"]
[Date "1994.??.??"]
[Round "5"]
[White "Svensson, Bengt"]
[Black "Pedzich, Dominik"]
[Result "1-0"]
[WhiteElo "2380"]
[BlackElo "2400"]
[PlyCount "73"]
[EventDate "1994.08.06"]
[EventType "tourn"]
[EventRounds "9"]
[EventCountry "SWE"]
[EventCategory "5"]
[SourceTitle "EXT 2001"]
[Source "ChessBase"]
[SourceDate "2000.11.22"]
[SourceVersion "1"]
[SourceVersionDate "2000.11.22"]
[SourceQuality "1"]

1. e4 e6 2. d4 d5 3. Nc3 Nf6 4. Bg5 dxe4 5. Nxe4 Nbd7 6. Nxf6+ Nxf6 7. Nf3 h6
8. Bh4 c5 9. dxc5 Qxd1+ 10. Rxd1 Bxc5 11. Bb5+ Ke7 12. O-O a6 13. Be2 Rd8 14.
Rxd8 Kxd8 15. Ne5 Ke7 16. Bf3 Bd6 17. Bg3 Ne8 18. Rd1 Ra7 19. Nc4 Bxg3 20. Nb6
Ra8 21. Nxa8 Bc7 22. Nxc7 Nxc7 23. Rd3 e5 24. Bd5 f6 25. c4 b6 26. Rb3 b5 27.
Bg8 Kd6 28. Rd3+ Kc5 29. cxb5 axb5 30. a3 Bf5 31. Rg3 g6 32. Bh7 Nd5 33. Bxg6
Bxg6 34. Rxg6 Kc4 35. Rxh6 Kb3 36. Rh7 Kxb2 37. Rb7 1-0